Introduction to exchange systems

Saved in:
Bibliografiske detaljer
Hovedforfatter: Flowers, T. H (Author)
Format: Bog
Sprog:engelsk
Udgivet: Londres John Wiley 1976
Fag:
Tags: Tilføj Tag
Ingen Tags, Vær først til at tagge denne postø!

MARC

LEADER 00000nam a2200000 a 4500
001 UCU6005
003 CL-VaPUC
008 960614e19760000UK |||||||||||||||||eng|d
082 0 4 |a 621.385  |b FLO  |2 21 
100 0 |a Flowers, T. H  |e author  |9 364118 
245 1 0 |a Introduction to exchange systems 
300 |a 326 p 
942 |c BK 
945 |d 19960614 00:00:00  |a lriquelm 
260 |a Londres  |b John Wiley  |c 1976 
650 0 |a Telecomunicaciones   |9 257195 
650 7 |a SISTEMAS TELEFONICOS  |2 CL-VaPUC  |9 359642 
650 7 |a COMUNICACIONES POR RADIO  |2 CL-VaPUC  |9 364119 
650 7 |a EQUIPO TELEFONICO  |2 CL-VaPUC  |9 363368 
583 |a last modification  |c 19960614 00:00:00  |k Rodrigo Vera 
999 |c 249102  |d 249100 
952 |0 0  |1 0  |4 0  |6 621_385000000000000_FLO_1976  |7 0  |8 A  |9 266137  |a BIBING  |b BIBING  |d 2019-11-19  |i 167899K  |o 621.385 FLO 1976  |p 167899K  |r 2025-01-20  |w 2019-11-19  |y BK  |k EIE 
952 |0 0  |1 0  |4 0  |6 621_385000000000000_FLO_1976  |7 0  |8 A  |9 266138  |a BIBING  |b BIBING  |d 2019-11-19  |i 1678337  |o 621.385 FLO 1976  |p 1678337  |r 2025-01-20  |w 2019-11-19  |y BK  |k EIE